000 00910nam a2200217Ia 4500
999 _c38413
_d38413
001 4424
003 GE_BSU
005 20190514185952.0
008 181216s2004|||| |||||||||||||| ||geo||
020 _a9994078690
040 _cGE_BSU
041 _ageo
080 _a004.42 დ–63
100 _aდობორჯგინიძე, ვ.
_91143
245 _aთანამედროვე კომპიუტერული პროგრამების (Windowvs, Word, Excel) საფუძვლები სტუდენტი ახალგაზრდობისათვის /
_cვ. დობორჯგინიძე
264 _aთბილისი;
_bლეგა,
_c2004.
300 _a134 გვ .;
_c20 სმ.
653 _aინფორმატიკა
653 _aსაინფორმაციო ტექნოლოგიები
942 _cBK
_2udc